00392 2200181 4500001002100000008004100021035002000062245001900082100000800101250000600109260002500115300001100140084001400151082000800165650001300173990001200186990001200198INLIS000000000000692 ind  a0010-0424000668 aPegadaiancOJK aOJK a1 aJakarta :bOJKc2014 a21 hlm a300 OJK p a300 aNonfiksi a0721859 a0721860